Photosynthesis and related processes / (Record no. 72516)
[ view plain ]
| 000 -LEADER | |
|---|---|
| fixed length control field | 00960nam a2200229 4500 |
| 001 - CONTROL NUMBER | |
| control field | 72516 |
| 003 - CONTROL NUMBER IDENTIFIER | |
| rucl marc code | BD-RjUL |
| 005 - DATE AND TIME OF LATEST TRANSACTION | |
| control field | 20211209082254.0 |
| 008 - FIXED-LENGTH DATA ELEMENTS--GENERAL INFORMATION | |
| fixed length control field | 170520r19481945nyuac b 001 0 eng d |
| 035 ## - SYSTEM CONTROL NUMBER | |
| System control number | (BD-RjUL)72734 |
| 040 ## - CATALOGING SOURCE | |
| Original cataloging agency | DLC |
| Transcribing agency | TXA |
| Modifying agency | TXA |
| Language of cataloging | eng |
| 041 ## - LANGUAGE CODE | |
| Language code of text/sound track or separate title | eng |
| 082 ## - DEWEY DECIMAL CLASSIFICATION NUMBER | |
| Classification number | 572.46 |
| Edition number | 23 |
| Author mark and year | RAP 1948 |
| 100 1# - MAIN ENTRY--PERSONAL NAME | |
| Personal name | Rabinowitch, I. Eugene. |
| Dates associated with a name | 1901-1973. |
| 9 (RLIN) | 214478 |
| 245 10 - TITLE STATEMENT | |
| Title | Photosynthesis and related processes / |
| Statement of responsibility, etc. | by Eugene I. Rabinowitch. |
| 260 ## - PUBLICATION, DISTRIBUTION, ETC. (IMPRINT) | |
| Place of publication, distribution, etc. | New York : |
| Name of publisher, distributor, etc. | Interscience Publishers, |
| Date of publication, distribution, etc. | 1945 [i.e. 1959]-56. |
| 300 ## - PHYSICAL DESCRIPTION | |
| Pagination | V. : |
| Illustrations | ill. ; |
| Size | 24 cm. |
| 504 ## - BIBLIOGRAPHY, ETC. NOTE | |
| Bibliography, etc | Includes bibliographies and Indexes |
| 505 0# - FORMATTED CONTENTS NOTE | |
| Formatted contents note | v. 1. Chemistry of photosynthesis; chemosynthesis and related processes in vitro and vivo. v. 2, pt. 1. Spectroscopy and fluorescence of photosynthetic pigments; kinetics of photosynthesis. v. 2, pt. 2. Kinetics of photosynthesis (continued) Addenda to v. 1 and v. 2, part 1 |
| 650 #0 - SUBJECT ADDED ENTRY--TOPICAL TERM | |
| Topical term or geographic name as entry element | Photosynthesis. |
| 9 (RLIN) | 214479 |
| 942 ## - ADDED ENTRY ELEMENTS (KOHA) | |
| Source of classification or shelving scheme | Dewey Decimal Classification |
| Koha item type | Books |
| Lost status | Source of classification or shelving scheme | Damaged status | Not for loan | Collection code | Permanent Location | Current Location | Shelving location | Date acquired | Source of acquisition | Cost, normal purchase price | Total Checkouts | Full call number | Date last seen | Copy number | Koha item type |
|---|---|---|---|---|---|---|---|---|---|---|---|---|---|---|---|
| Dewey Decimal Classification | Not For Loan | Non-fiction | Central Library, University of Rajshahi | Central Library, University of Rajshahi | Reading Room | 19/10/1957 | Publisher ltd. | 78.00 | 572.46 RAP V-1 1948 | 20/05/2017 | C-1 | Books | |||
| Dewey Decimal Classification | Not For Loan | Non-fiction | Central Library, University of Rajshahi | Central Library, University of Rajshahi | Reading Room | 01/12/1965 | Zeit | 443.00 | 572.46 RAP V-2,Pt.2 1956 | 12/03/2025 | C-1 | Books | |||
| Dewey Decimal Classification | Not For Loan | Non-fiction | Central Library, University of Rajshahi | Central Library, University of Rajshahi | Reading Room | 17/10/1957 | Publisher ltd. | 107.40 | 572.46 RAP V-2,Pt.1 1951 | 20/05/2017 | C-1 | Books | |||
| Dewey Decimal Classification | Non-fiction | Central Library, University of Rajshahi | Central Library, University of Rajshahi | 01/12/1965 | Zeitlinger | 443.00 | 572.46 RAP V-1 1959 | 22/05/2017 | C-2 | Books | |||||
| Dewey Decimal Classification | Non-fiction | Central Library, University of Rajshahi | Central Library, University of Rajshahi | 17/10/1957 | Publisher ltd. | 123.80 | 572.46 RAP V-2,Pt.2 1956 | 22/05/2017 | C-2 | Books | |||||
| Dewey Decimal Classification | Non-fiction | Central Library, University of Rajshahi | Central Library, University of Rajshahi | 01/12/1965 | Zeit | 443.00 | 572.46 RAP V-2,Pt.1 1951 | 22/05/2017 | C-2 | Books |